Orejas (Registro nro. 71260)
[ vista simple ]
| 000 -CABECERA | |
|---|---|
| Longitud fija campo de control | 01303nam a2200325 4500 |
| 003 - IDENTIFICADOR DEL NÚMERO DE CONTROL | |
| Identificador del número de control | EC-QuCCB |
| 005 - FECHA Y HORA DE LA ÚLTIMA TRANSACCIÓN | |
| Fecha y hora de la última transacción | 20240423091639.0 |
| 007 - CAMPO FIJO DE DESCRIPCIÓN FÍSICA--INFORMACIÓN GENERAL | |
| Campo fijo de descripción física | ta |
| 008 - DATOS DE LONGITUD FIJA--INFORMACIÓN GENERAL | |
| Códigos de información de longitud fija | 170626s2006 ec a|||jr|||| 00| jdspa d |
| 020 ## - NÚMERO INTERNACIONAL ESTÁNDAR DEL LIBRO | |
| Número Internacional Normalizado para Libros (ISBN) | 978-9978-49-118-8 |
| 040 ## - FUENTE DE LA CATALOGACIÓN | |
| Centro catalogador de origen | EC-QuCCB |
| 041 ## - CÓDIGO DE LENGUA | |
| Código de lengua del texto;banda sonora o título independiente | spa |
| 082 ## - NÚMERO DE LA CLASIFICACIÓN DECIMAL DEWEY | |
| Número de clasificación | I Ec863 |
| Número de documento | C448a |
| 100 1# - ENTRADA PRINCIPAL--NOMBRE DE PERSONA | |
| 9 (RLIN) | 31300 |
| Nombre de persona | Chamorro Aldas, Marco, |
| Fechas asociadas con el nombre | 1975- |
| 245 10 - MENCIÓN DE TÍTULO | |
| Título | Orejas |
| Mención de responsabilidad, etc. | Marco Chamorro |
| 250 ## - MENCIÓN DE EDICIÓN | |
| Mención de edición | Primera edición, |
| Resto de la mención de edición | tercera reimpresión |
| 260 ## - PUBLICACIÓN, DISTRIBUCIÓN, ETC. (PIE DE IMPRENTA) | |
| Lugar de publicación, distribución, etc. | Quito, Ecuador : |
| Nombre del editor, distribuidor, etc. | Libresa, |
| Fecha de publicación, distribución, etc. | 2006 |
| 300 ## - DESCRIPCIÓN FÍSICA | |
| Extensión | 22 páginas : |
| Otros detalles físicos | ilustraciones ; |
| Dimensiones | 21 cm |
| 336 ## - TIPO DE CONTENIDO | |
| Content type term | texto |
| Content type code | txt |
| 337 ## - TIPO DE MEDIO | |
| Media type term | no mediado |
| Media type code | n |
| 338 ## - TIPO DE PORTADOR | |
| Carrier type term | volumen |
| Carrier type code | nc |
| 490 0# - MENCIÓN DE SERIE | |
| Mención de serie | Garabato |
| 500 ## - NOTA GENERAL | |
| Nota general | Libro silente |
| 520 ## - SUMARIO, ETC. | |
| Sumario, etc, | En esta historia sin palabras, el juego del elefantito Orejas y sus amigos es interrumpido por un estentóreo llamado de la mamá, que se lo lleva a casa para bañarlo, acicalarlo y encerrarlo en su cuarto, desde cuya ventana solo puede ver a sus amigos que siguen jugando infatigablemente. Su tristeza es tal que la mamá le permite salir otra vez, y no solo eso, pues también invita a todos a compartir un bocadillo. |
| 521 ## - NOTA DE PÚBLICO DESTINATARIO | |
| Nota público destinatario (R ) | Niños de 4 a 6 años |
| 590 ## - NOTA LOCAL (RLIN) | |
| Nota local | bgg |
| 650 ## - PUNTO DE ACCESO ADICIONAL DE MATERIA--TÉRMINO DE MATERIA | |
| 9 (RLIN) | 11844 |
| Nombre de materia o nombre geográfico como elemento de entrada | Cuentos infantiles ecuatorianos |
| 9 (RLIN) | 13897 |
| Nombre de materia o nombre geográfico como elemento de entrada | Literatura infantil ecuatoriana |
| 942 ## - ELEMENTOS DE PUNTO DE ACCESO ADICIONAL (KOHA) | |
| Fuente de clasificaión o esquema | Dewey Decimal Classification |
| Koha [por defecto] tipo de item | Monografía |
| Suprimido | Perdido | Fuente de clasificación o esquema | Estropeado | No se presta | Koha Colección | Localización (Biblioteca) | Localización actual | Localización en estanterías | Fecha adquisición | Fuente de adquisición | Clasificación completa | Designación de pieza (código de barras) | Fecha última consulta | Número de ejemplar | Fecha del precio de reemplazo | Tipo de item de Koha | Note pública | Préstamos totales |
|---|---|---|---|---|---|---|---|---|---|---|---|---|---|---|---|---|---|---|
| Disponible | Dewey Decimal Classification | Sin daños | Disponible para préstamo | INFANTIL | Biblioteca CCE - Carchi | Biblioteca CCE - Carchi | INFANTIL | 13/03/2024 | Material didáctico | I Ec863 C448a | CCE-CAR24043137 | 22/04/2024 | Ej. 1 | 13/03/2024 | Monografía | Verde Niños de 4 a 6 años | ||
| Disponible | Dewey Decimal Classification | Sin daños | Disponible para préstamo | INFANTIL | Biblioteca CCE - Manabí | Biblioteca CCE - Manabí | INFANTIL | 13/03/2024 | Material didáctico | I Ec863 C448a | CCE-MAN24043138 | 22/04/2024 | Ej. 1 | 13/03/2024 | Monografía | Verde Niños de 4 a 6 años | ||
| Disponible | Dewey Decimal Classification | Sin daños | Disponible para préstamo | INFANTIL | Biblioteca CCE - Orellana | Biblioteca CCE - Orellana | INFANTIL | 13/03/2024 | Material didáctico | I Ec863 C448a | CCE-ORE24043139 | 22/04/2024 | Ej. 1 | 13/03/2024 | Monografía | Verde Niños de 4 a 6 años | ||
| Disponible | Dewey Decimal Classification | Sin daños | Disponible para préstamo | INFANTIL | Biblioteca y Archivo de la CCE | Biblioteca y Archivo de la CCE | INFANTIL | 13/03/2024 | Material didáctico | I Ec863 C448a | 0016640 | 26/06/2017 | Ej. 1 | 13/03/2024 | Monografía | Verde Niños de 4 a 6 años | ||
| Disponible | Dewey Decimal Classification | Sin daños | Disponible para préstamo | INFANTIL | Biblioteca y Archivo de la CCE | Biblioteca y Archivo de la CCE | INFANTIL | 13/03/2024 | Material didáctico | I Ec863 C448a | 0016641 | 22/04/2024 | Ej. 2 | 13/03/2024 | Monografía | Verde Niños de 4 a 6 años |























